Reproducción, poder y derecho: ensayo filósofico-jurídico sobre las técnicas de reproducción asistida
Salvato in:
| Autore principale: | |
|---|---|
| Natura: | Libro |
| Lingua: | spagnolo |
| Pubblicazione: |
Madrid
Trotta
1999
|
| Serie: | Colección Estructuras y Procesos. Serie Derecho
|
| Soggetti: | |
| Tags: |
Aggiungi Tag
Nessun Tag, puoi essere il primo ad aggiungerne!!
|
MARC
| LEADER | 00000nam a2200000 a 4500 | ||
|---|---|---|---|
| 001 | UCO5341 | ||
| 003 | CL-VaPUC | ||
| 008 | 000901e19990000SP |||||||||||||||||spa|d | ||
| 082 | 0 | 4 | |a 176 |b LEM |2 21 |
| 100 | 0 | |a Lema Añón, Carlos |e author |9 450126 | |
| 245 | 1 | 0 | |a Reproducción, poder y derecho: ensayo filósofico-jurídico sobre las técnicas de reproducción asistida |
| 300 | |a 429 p | ||
| 942 | |c BK | ||
| 945 | |d 20000901 00:00:00 |a vberengu | ||
| 260 | |a Madrid |b Trotta |c 1999 | ||
| 650 | 0 | |a Bioética |9 256117 | |
| 650 | 0 | |a Etica y derecho |9 341370 | |
| 650 | 0 | |a Fertilización in vitro |9 374025 | |
| 650 | 0 | |a Inseminación artificial |9 338967 | |
| 650 | 7 | |a REPRODUCCION ARTIFICIAL |2 CL-VaPUC |9 374023 | |
| 650 | 0 | |a Reproducción asistida |9 441978 | |
| 583 | |a last modification |c 20000901 00:00:00 |k Rodrigo Vera | ||
| 490 | 0 | |a Colección Estructuras y Procesos. Serie Derecho | |
| 999 | |c 291235 |d 291233 | ||
| 952 | |0 0 |1 0 |4 0 |6 176_000000000000000_LEM_1999 |7 0 |8 DER_TF |9 341031 |a BIBDER |b BIBDER |d 2019-11-20 |i 3647358 |o 176 LEM 1999 |p 3647358 |r 2023-01-25 |w 2019-11-20 |x Ubicación 4to Piso |y BK |z Estos recursos deben solicitarse con anticipación |k DER | ||
| 952 | |0 0 |1 0 |4 0 |6 176_000000000000000_LEM_1999 |7 0 |8 A |9 341032 |a BIBTEO |b BIBTEO |d 2019-11-20 |i 3716953 |o 176 LEM 1999 |p 3716953 |r 2025-01-17 |w 2019-11-20 |y BK |k ICR | ||
| 952 | |0 0 |1 0 |4 0 |6 176_000000000000000_LEM_1999 |7 0 |8 A |9 341033 |a BIBDER |b BIBDER |d 2019-11-20 |i 3846431 |o 176 LEM 1999 |p 3846431 |r 2023-01-25 |w 2019-11-20 |y BK |k DER | ||